Marketing mistakes and successes / (Record no. 344014)
[ view plain ]
| 000 -LEADER | |
|---|---|
| fixed length control field | 01995 a2200205 4500 |
| 020 ## - INTERNATIONAL STANDARD BOOK NUMBER | |
| International Standard Book Number | 0471446386 |
| 020 ## - INTERNATIONAL STANDARD BOOK NUMBER | |
| International Standard Book Number | 9780471446385 |
| 082 04 - DEWEY DECIMAL CLASSIFICATION NUMBER | |
| Classification number | 658.800973 |
| 090 ## - LOCALLY ASSIGNED LC-TYPE CALL NUMBER (OCLC); LOCAL CALL NUMBER (RLIN) | |
| -- | 1495 |
| -- | 1495 |
| 100 1# - MAIN ENTRY--PERSONAL NAME | |
| Personal name | Hartley, Robert F. |
| 245 10 - TITLE STATEMENT | |
| Title | Marketing mistakes and successes / |
| Statement of responsibility, etc. | Robert F. Hartley. |
| 250 ## - EDITION STATEMENT | |
| Edition statement | 9th ed. |
| 260 ## - PUBLICATION, DISTRIBUTION, ETC. | |
| Place of publication, distribution, etc. | [S.l.] : |
| Name of publisher, distributor, etc. | Wiley, |
| Date of publication, distribution, etc. | 2003. |
| 300 ## - PHYSICAL DESCRIPTION | |
| Extent | 360 p. ; |
| Dimensions | 24 cm. |
| 500 ## - GENERAL NOTE | |
| General note | Paperback. |
| 520 ## - SUMMARY, ETC. | |
| Summary, etc. | A behind-the-scenes look at today's biggest marketing mistakes and successes! Gain valuable insights by looking behind-the-scenes at some of today's most notable marketing successes and failures. With the Ninth Edition of this best-selling casebook, you'll learn how to make better decisions, implement strategies, avoid pitfalls, and seize opportunities. In a lively conversational style, Robert Hartley provides play-by-play analyses of actual decisions and practices that led to major marketing wars, comebacks, crises, and triumphs in top corporations. Hands-on exercises and debates invite immersion in their various situations. These real-life war stories are packed with practical tips and learning experiences that can serve you throughout your career. With the rest updated and revised, this Ninth Edition adds these eight new cases: * PC Wars: Dell Computer vs. Gateway et al. * Harley-Davidson: At Last * Scott Paper, Sunbeam, and Al Dunlap * The Grea t Firestone/Ford Explorer Tire Disaster * McDonald's--A Titan Falters * Snapple: A Sorry Acquisition * MetLife--Deceptive Sales Tactics * Newell Rubbermaid--Losing the Battle to Win Shelf Space In the words of the philosopher, George Santayana, "Those who ignore history are doomed to repeat it." This guide may help you avoid mistakes similar to those already made by corporate giants. |
| 856 40 - ELECTRONIC LOCATION AND ACCESS | |
| Materials specified | Amazon.com |
| Uniform Resource Identifier | <a href="http://www.amazon.com/exec/obidos/ASIN/0471446386/chopaconline-20">http://www.amazon.com/exec/obidos/ASIN/0471446386/chopaconline-20</a> |
| 856 40 - ELECTRONIC LOCATION AND ACCESS | |
| Materials specified | Amazon customer reviews |
| Uniform Resource Identifier | <a href="http://www.chopac.org/cgi-bin/tools/azrev.pl?q=0471446386">http://www.chopac.org/cgi-bin/tools/azrev.pl?q=0471446386</a> |
| 942 ## - ADDED ENTRY ELEMENTS (KOHA) | |
| Institution code [OBSOLETE] | NBS |
| Koha item type | Book |
| Call number prefix | 658.8009 HAR |
| Withdrawn status | Lost status | Damaged status | Not for loan | Permanent Location | Current Location | Date acquired | Total Checkouts | Full call number | Barcode | Date last seen | Price effective from | Koha item type |
|---|---|---|---|---|---|---|---|---|---|---|---|---|
| Central Library (CL) | Central Library (CL) | 08/28/2013 | 658.8009 HAR | NBS5821 | 08/28/2013 | 08/28/2013 | Book |
